00502nam a2200157Ia 450000500170000000800410001708200130005824500400007126000440011130000130015550000360016870000200020494200060022495200990023099900150032920250325025914.0240331s9999 xx 000 0 und d bAria894 0aArignarkalin Parvaiyil Barathi :b- aChennai bManikkavasagar noolagumc1982 a176 p ., aA book of Bharathiyer Paadalkal aManee, P.Seedt cL 001040708LaWERCLbWERCLcSSCd2024-03-31l0o 894.811 Arip1413r2024-03-31w2024-03-31yL c3853d3853